Nhân vật Họ Lê trong lịch sử Việt Nam
Nhân vật lịch sử họ Lê từ khởi thuỷ đến các triều đại phong kiến Việt Nam sau này. Sự nghiệp của Lê Thái Tổ, Lê Thái Tông và đôi nét lịch sử về vùng đất Thanh Hoá. Sự phát triển và hình thành Lê tộc ở Quảng Nam - Đà Nẵng
Saved in:
| Main Author: | |
|---|---|
| Other Authors: | |
| Format: | Book |
| Language: | Vietnamese |
| Published: |
Đà Nẵng
Nxb. Đà Nẵng
2001
|
| Edition: | In lần thứ 2 |
| Subjects: | |
| Tags: |
Add Tag
No Tags, Be the first to tag this record!
|
| Institutions: | Mạng thư viện Đại học Đà Nẵng |
|---|
| LEADER | 01477nam a2200373 4500 | ||
|---|---|---|---|
| 001 | 000014995 | ||
| 003 | 11366 | ||
| 005 | 20120517160533.0 | ||
| 008 | 120517s2001 viesd | ||
| 020 | |c 100000đ | ||
| 041 | 0 | |a vie | |
| 082 | |a 959.7 |b PH-M | ||
| 100 | 0 | |a Phạm Ngô Minh | |
| 245 | 0 | |a Nhân vật Họ Lê trong lịch sử Việt Nam |c Phạm Ngô Minh, Lê Duy Anh | |
| 250 | |a In lần thứ 2 | ||
| 260 | |a Đà Nẵng |b Nxb. Đà Nẵng |c 2001 | ||
| 300 | |a 807tr. |b hình vẽ, ảnh |c 24 cm | ||
| 504 | |a Thư mục: tr. 801-805 | ||
| 520 | |a Nhân vật lịch sử họ Lê từ khởi thuỷ đến các triều đại phong kiến Việt Nam sau này. Sự nghiệp của Lê Thái Tổ, Lê Thái Tông và đôi nét lịch sử về vùng đất Thanh Hoá. Sự phát triển và hình thành Lê tộc ở Quảng Nam - Đà Nẵng | ||
| 653 | |a dòng họ | ||
| 653 | |a họ lê | ||
| 653 | |a lịch sử | ||
| 653 | |a nhân vật lịch sử | ||
| 700 | |a Lê Duy Anh |e tác giả | ||
| OWN | |a LSP | ||
| AVA | |a UDN50 |b LSP |d 959.7 PH-M |e available |t Error 5001 Not defined in file expand_doc_bib_avail. |f 1 |g 0 |h N |i 0 |k 1 | ||
| 999 | |a From the UDN01 | ||
| AVA | |a UDN50 |b LSP |d 959.7 PH-M |e available |t Error 5001 Not defined in file expand_doc_bib_avail. |f 1 |g 0 |h N |i 0 |k 1 | ||
| TYP | |a Monograph | ||
| TYP | |a Printed language | ||
| 980 | |a Mạng thư viện Đại học Đà Nẵng | ||